| LEADER 00000nam 2200000uu 4500 |
| 001 212746 |
| 003 ULIBM |
| 008 020711s2560 th a 000 0 tha d |
| 041 ^atha
|
| 050 4 HV5770.T5 ค695 2560
|
| 245 คู่มือเกณฑ์มาตรฐานพัฒนาสถาบันอุดมศึกษาปลอดบุหรี่ เพื่อสุขภาวะ/^cโครงการพัฒนาสถาบันอุดมศึกษาปลอดบุหรี่เพื่อสุขภาวะ เครือข่ายวิชาชีพสุขภาพเพื่อสังคมไทยปลอดบุหรี่ สำนักงานกองทุนสนับสนุนการสร้างเสริมสุขภาพ (สสส.)
|
| 260 กรุงเทพฯ :^bเครือข่ายวิชาชีพสุาพเพื่อสังคมไทยปลอดบุหรี่ ,^c2560
|
| 300 54 หน้า :^bภาพประกอบ ;^c21 ซม.
|
| 650 4 การเลิกบุหรี่^zไทย
|
| 650 4 ^aการสูบบุหรี่^xการป้องกันและควบคุม
|
| 650 4 ^aสถาบันอุดมศึกษา^xการสูบบุหรี่^xการป้องกันและควบคุม
|
| 710 2 ^aเครือข่ายวิชาชีพสุาพเพื่อสังคมไทยปลอดบุหรี่
|
| 710 2 ^aสำนักงานกองทุนสนับสนุนการสร้างเสริมสุขภาพ (สสส.)
|
| 999 ^aใช้งานได้ทุกระบบ
|